<?xml version="1.0" encoding="UTF-8"?>
<record
    xmlns:xsi="http://www.w3.org/2001/XMLSchema-instance"
    xsi:schemaLocation="http://www.loc.gov/MARC21/slim http://www.loc.gov/standards/marcxml/schema/MARC21slim.xsd"
    xmlns="http://www.loc.gov/MARC21/slim">

  <leader>01020naa a22001817a 4500</leader>
  <controlfield tag="003">KOSZ 005</controlfield>
  <controlfield tag="005">20170420133544.0</controlfield>
  <controlfield tag="008">170419b2000    pl ||||| |||| 00|  0pol  </controlfield>
  <datafield tag="040" ind1=" " ind2=" ">
    <subfield code="c">BPK</subfield>
  </datafield>
  <datafield tag="080" ind1=" " ind2=" ">
    <subfield code="a">005.6</subfield>
  </datafield>
  <datafield tag="100" ind1=" " ind2=" ">
    <subfield code="a">OLKIEWICZ, Marcin.</subfield>
    <subfield code="d">2004 - .</subfield>
    <subfield code="b">Politechnika Koszali&#x144;ska - Wydzia&#x142; Ekonomii i Zarz&#x105;dzania,</subfield>
    <subfield code="c">Katedra Zarz&#x105;dzania</subfield>
  </datafield>
  <datafield tag="245" ind1=" " ind2=" ">
    <subfield code="a">Zarz&#x105;dzanie jako&#x15B;ci&#x105; w sektorze bankowym w dobie wej&#x15B;cia do Unii Europejskiej /</subfield>
    <subfield code="c">Marcin Olkiewicz.</subfield>
  </datafield>
  <datafield tag="260" ind1=" " ind2=" ">
    <subfield code="c">2003.</subfield>
  </datafield>
  <datafield tag="655" ind1=" " ind2="0">
    <subfield code="a">Materia&#x142;y konferencyjne.</subfield>
  </datafield>
  <datafield tag="711" ind1=" " ind2=" ">
    <subfield code="a">Og&#xF3;lnopolska Konferencja Naukowa : Rynki finansowe w przestrzeni elektronicznej. Aspekty ekonomiczne i pozaekonomiczne, Uniwersytet Szczeci&#x144;ski</subfield>
    <subfield code="p">(3 ;</subfield>
    <subfield code="d">2003 ;</subfield>
    <subfield code="c">Szczecin, Polska).</subfield>
  </datafield>
  <datafield tag="773" ind1=" " ind2=" ">
    <subfield code="i">III Og&#xF3;lnopolska Konferencja Naukowa : Rynki finansowe w przstrzeni elektronicznej. Aspekty ekonomiczne i pozaekonomiczne, Uniwersytet Szczeci&#x144;ski. -</subfield>
    <subfield code="t">Zarz&#x105;dzanie jako&#x15B;ci&#x105; w sektorze bankowym w dobie wej&#x15B;cia do Unii Europejskiej. -</subfield>
    <subfield code="g">2003, s. 183-192</subfield>
  </datafield>
  <datafield tag="942" ind1=" " ind2=" ">
    <subfield code="c">ART</subfield>
    <subfield code="2">UKD</subfield>
  </datafield>
  <datafield tag="999" ind1=" " ind2=" ">
    <subfield code="c">8230</subfield>
    <subfield code="d">8230</subfield>
  </datafield>
  <datafield tag="952" ind1=" " ind2=" ">
    <subfield code="0">0</subfield>
    <subfield code="1">0</subfield>
    <subfield code="4">0</subfield>
    <subfield code="7">0</subfield>
    <subfield code="a">BPK</subfield>
    <subfield code="b">BPK</subfield>
    <subfield code="y">ART</subfield>
  </datafield>
</record>
